00298nam a22001097a 4500082001800000100002200018245005400040260002100094300002800115526003700143650000800180 a625.1bPAKcD aPakistan Railways aYear Book1999-2000 The financial turn around year aPakistanbLahore a105 p. :bill. :c12 Cm a0b0c0d625_100000000000000_PAK aMCE